UM Logo

Self-portraits: (Record no. 7266)

MARC details
000 -LEADER
fixed length control field 00643nam a22001817a 4500
008 - FIXED-LENGTH DATA ELEMENTS--GENERAL INFORMATION
fixed length control field 170814b xxu||||| |||| 00| 0 eng d
020 ## - INTERNATIONAL STANDARD BOOK NUMBER
International Standard Book Number 9715503225
082 ## - DEWEY DECIMAL CLASSIFICATION NUMBER
Edition number 1999
Classification number DFil 704.9424
Item number K62
100 ## - MAIN ENTRY--PERSONAL NAME
9 (RLIN) 22011
Personal name Kintanar, Thelma B.
245 ## - TITLE STATEMENT
Title Self-portraits:
Remainder of title twelve Filipina artists speak/
Statement of responsibility, etc. Thelma B. Kintanar and Sylvia M. Ventura.
260 ## - PUBLICATION, DISTRIBUTION, ETC. (IMPRINT)
Place of publication, distribution, etc. Quezon City:
Name of publisher, distributor, etc. ADMU Press,
Date of publication, distribution, etc. c1999.
300 ## - PHYSICAL DESCRIPTION
Extent viii, 220 pages:
Other physical details illustrations;
Dimensions 25 cm.
500 ## - GENERAL NOTE
General note Includes bibliographical references and index.
650 #0 - SUBJECT ADDED ENTRY--TOPICAL TERM
9 (RLIN) 22012
Topical term or geographic name as entry element Women artists - Philippines.
700 ## - ADDED ENTRY--PERSONAL NAME
9 (RLIN) 22013
Personal name Ventura, Sylvia M.
365 ## - TRADE PRICE
Price type code Php.
Price amount 418.00
942 ## - ADDED ENTRY ELEMENTS (KOHA)
Source of classification or shelving scheme Dewey Decimal Classification
Koha item type Filipiniana
Holdings
Withdrawn status Lost status Source of classification or shelving scheme Damaged status Not for loan Collection code Home library Current library Date acquired Source of acquisition Total Checkouts Full call number Barcode Date last seen Cost, replacement price Price effective from Koha item type
    Dewey Decimal Classification     Filipiniana UM Digos College - LIC UM Digos College - LIC 10/28/2003 Purchased   DFil 704.9424 K62 1999 16253 05/15/2025 418.00 08/14/2017 Filipiniana